<?xml version="1.0" encoding="UTF-8"?>
<record
    xmlns:xsi="http://www.w3.org/2001/XMLSchema-instance"
    xsi:schemaLocation="http://www.loc.gov/MARC21/slim http://www.loc.gov/standards/marcxml/schema/MARC21slim.xsd"
    xmlns="http://www.loc.gov/MARC21/slim">

  <leader>02668nam a22002537a 4500</leader>
  <controlfield tag="005">20240305165501.0</controlfield>
  <controlfield tag="007">cr||||   |||| </controlfield>
  <controlfield tag="008">180313s2015    es |||||s|||| 00||0 spa d</controlfield>
  <datafield tag="020" ind1=" " ind2=" ">
    <subfield code="a">978-84-91233-64-0</subfield>
  </datafield>
  <datafield tag="035" ind1=" " ind2=" ">
    <subfield code="a">21058</subfield>
  </datafield>
  <datafield tag="040" ind1=" " ind2=" ">
    <subfield code="a">vLex</subfield>
  </datafield>
  <datafield tag="090" ind1=" " ind2=" ">
    <subfield code="c">7474</subfield>
    <subfield code="d">7474</subfield>
  </datafield>
  <datafield tag="100" ind1="1" ind2=" ">
    <subfield code="a">Girgado Perandones, Pablo</subfield>
  </datafield>
  <datafield tag="245" ind1="1" ind2="2">
    <subfield code="a">La p&#xF3;liza estimada</subfield>
    <subfield code="h">[Recurso electr&#xF3;nico] /</subfield>
    <subfield code="c">Pablo Girgado Perandones</subfield>
  </datafield>
  <datafield tag="256" ind1=" " ind2=" ">
    <subfield code="a">Servicio en l&#xED;nea</subfield>
  </datafield>
  <datafield tag="260" ind1=" " ind2=" ">
    <subfield code="a">Madrid:</subfield>
    <subfield code="b">Marcial Pons,</subfield>
    <subfield code="c">2015</subfield>
  </datafield>
  <datafield tag="300" ind1=" " ind2=" ">
    <subfield code="a">1 recurso electr&#xF3;nico</subfield>
  </datafield>
  <datafield tag="500" ind1=" " ind2=" ">
    <subfield code="a">La valoraci&#xF3;n del inter&#xE9;s asegurado es una operaci&#xF3;n compleja que puede suscitar serias dificultades durante la vigencia de un contrato de seguro, tanto en la fase de conclusi&#xF3;n como, de un modo especial, con ocasi&#xF3;n del acaecimiento del siniestro. Por ello, es frecuente en la pr&#xE1;ctica aseguradora el recurso a un acuerdo negocial entre las partes que pretende fijar su alcance como valor de referencia o de sustituci&#xF3;n. Este valor tasado o estimado &#x96;de ah&#xED; la denominaci&#xF3;n de la p&#xF3;liza como estimada&#x96; cumple su funci&#xF3;n como mecanismo de resoluci&#xF3;n de conflictos. El temor a un enriquecimiento injustificado del asegurado ha conducido a que la disciplina jur&#xED;dica de las p&#xF3;lizas estimadas (art. 28 LCS) la presente como una excepci&#xF3;n admitida en la aplicaci&#xF3;n del principio indemnizatorio (art. 26 LCS). No obstante, este car&#xE1;cter excepcional exige una mayor reflexi&#xF3;n a la vista del recurso generalizado en muchos sectores al pacto o acuerdo de estima. Con el fin de alcanzar dicho objetivo, el presente libro analiza los presupuestos necesarios para calificar una p&#xF3;liza como estimada y su diferencia con otras figuras afines. Igualmente, se pone de manifiesto cu&#xE1;les son los efectos jur&#xED;dicos del acuerdo y se detiene, con mayor &#xE9;nfasis, en el estudio de las causas de impugnaci&#xF3;n del citado valor, aspecto este &#xFA;ltimo que cumple un papel clave para el empleo de tal figura jur&#xED;dica en la pr&#xE1;ctica aseguradora. Finalmente, el trabajo dedica su atenci&#xF3;n al significado que la p&#xF3;liza estimada viene desempe&#xF1;ando en aquellos sectores donde su empleo es m&#xE1;s frecuente y, por tanto, su an&#xE1;lisis suscita un mayor inter&#xE9;s.</subfield>
  </datafield>
  <datafield tag="506" ind1="1" ind2=" ">
    <subfield code="a">Disponible solo en los productos indicados</subfield>
    <subfield code="d">vLex Global</subfield>
    <subfield code="d">vLex Global (Academic Edition, excluding Law Schools)</subfield>
    <subfield code="d">vLex Global (U.S. Academic Edition, Law Schools)</subfield>
    <subfield code="d">vLex Global (U.S. Academic Edition, excluding Law Schools)</subfield>
    <subfield code="d">vLex Global (Academic Edition, Law Schools)</subfield>
  </datafield>
  <datafield tag="650" ind1="0" ind2="4">
    <subfield code="a">Derecho Mercantil y de la Empresa</subfield>
    <subfield code="z">Espa&#xF1;a</subfield>
  </datafield>
  <datafield tag="740" ind1="0" ind2=" ">
    <subfield code="a">vLex Libros (Servicio en l&#xED;nea)</subfield>
  </datafield>
  <datafield tag="856" ind1="4" ind2="0">
    <subfield code="u">https://app.vlex.com/#/sources/poliza-estimada-21058</subfield>
  </datafield>
  <datafield tag="942" ind1=" " ind2=" ">
    <subfield code="c">RAA</subfield>
  </datafield>
  <datafield tag="952" ind1=" " ind2=" ">
    <subfield code="0">0</subfield>
    <subfield code="1">0</subfield>
    <subfield code="4">0</subfield>
    <subfield code="7">0</subfield>
    <subfield code="8">VLEX</subfield>
    <subfield code="9">323689</subfield>
    <subfield code="a">BD-UIN</subfield>
    <subfield code="b">BD-UIN</subfield>
    <subfield code="d">2024-03-05</subfield>
    <subfield code="l">0</subfield>
    <subfield code="p">21058</subfield>
    <subfield code="r">2024-03-05</subfield>
    <subfield code="w">2024-03-05</subfield>
    <subfield code="y">RAA</subfield>
  </datafield>
  <datafield tag="999" ind1=" " ind2=" ">
    <subfield code="c">165712</subfield>
    <subfield code="d">165712</subfield>
  </datafield>
</record>
